Reverse Dictionary #62 - Statistics

General Stats
  • This quiz has been taken 30 times
  • The average score is 14 of 25
Answer Stats
Definition First
Letter
Word % Correct
A person whom one personally knows, but has only casual knowledge of. A Acquaintance
92%
A mistake; an accidental wrong action or a false statement not made deliberately. E Error
92%
A person who works in an excavation from which ore or solid minerals are taken, especially one consisting of underground tunnels. M Miner
85%
A very large meal, often of a ceremonial nature. F Feast
81%
Containing the maximum possible amount that can fit in the space available. F Full
81%
(geometry) An infinitely extending one-dimensional figure that has no curvature; one that has length but not breadth or thickness. L Line
81%
One who seeks after anything, often game (either for food or sport). H Hunter
77%
A picture created by projecting an image onto a photosensitive surface such as a chemically treated plate or film, CCD receptor, etc. P Photograph
77%
One of several species of fish, typically of the Salmoninae subfamily, brownish above with silvery sides and delicate pinkish-orange flesh; they ascend rivers to spawn. S Salmon
77%
(anatomy) The joint between the arm and the torso, sometimes including the surrounding muscles, tendons, and ligaments. S Shoulder
77%
To tell a joke; to talk in a playful manner; to make fun of something or someone. J Jest
73%
Any state of disorder; a confused or amorphous mixture or conglomeration. C Chaos
69%
Unchanged through time or space; permanent. C Constant
69%
A small trinket on a bracelet or chain, etc., traditionally supposed to confer luck upon the wearer. C Charm
65%
To prevent something from happening. D Deter
58%
To ensnare; to take by stratagem. T Trap
58%
To instruct; to train. C Coach
50%
To direct an indication of potential or imminent danger against someone. T Threaten
35%
A person to whom property is legally committed via legal instrument, to be applied either for the benefit of specified individuals (beneficiaries), or for public uses. T Trustee
35%
Sure in one's mind, positive; absolutely confident in the truth of something. C Certain
31%
To procedurally bully someone into an unfair agreement. To convict of a crime by circumventing due process. To manipulate and hasten a procedure, as of formal approval of a law or resolution. R Railroad
23%
To grant (someone) the permission or power necessary to do (something); to permit; to sanction or consent to. A Authorize
19%
To draw (an object, especially a sharp or angular one), along (something) while exerting pressure. S Scrape
19%
Fixed in position. S Set
15%
To enclose in a box, or as if in a box. E Embox
4%
No matching quizzes found
Score Distribution
Percent of People with Each Score
Percentile by Number Answered
Your Score History
You have not taken this quiz